PARYAVARAN PRADUSHAN AUR NIYANTRAN (Record no. 45724)

000 -LEADER
fixed length control field 00314nam a2200133Ia 4500
008 - FIXED-LENGTH DATA ELEMENTS--GENERAL INFORMATION
fixed length control field 240801s9999 xx 000 0 und d
082 ## - DEWEY DECIMAL CLASSIFICATION NUMBER
Item number VAR-P
100 ## - MAIN ENTRY--PERSONAL NAME
Personal name VARSHNEY M.K
245 #0 - TITLE STATEMENT
Title PARYAVARAN PRADUSHAN AUR NIYANTRAN
250 ## - EDITION STATEMENT
Edition statement 1
260 ## - PUBLICATION, DISTRIBUTION, ETC.
Place of publication, distribution, etc. ASIAN PUB.MUJAFFAR NAGAR
Date of publication, distribution, etc. 2008
300 ## - PHYSICAL DESCRIPTION
Extent 370
942 ## - ADDED ENTRY ELEMENTS (KOHA)
Koha item type Donated Books
Holdings
Withdrawn status Lost status Source of classification or shelving scheme Damaged status Not for loan Collection code Permanent Location Current Location Date acquired Cost, normal purchase price Full call number Barcode Date last seen Price effective from Koha item type
          School of Arts and Humanity Central Library, MUIT, Lucknow Central Library, MUIT, Lucknow 2024-08-01 400.00 360 VAR-P DB9103 2024-08-01 2024-08-01 Reference Book

All Rights Reserved@MUIT

Powered by Koha